Text book of surveying and levelling (Record no. 87070)

MARC details
000 -LEADER
fixed length control field 00431cam a2200193 4500
001 - CONTROL NUMBER
control field D14053
008 - FIXED-LENGTH DATA ELEMENTS--GENERAL INFORMATION
fixed length control field 090401t1948 xxu||||| |||| 00| 0 eng d
035 ## - SYSTEM CONTROL NUMBER
System control number (Sirsi) u13213
041 ## - LANGUAGE CODE
Language code of text/sound track or separate title eng
100 ## - MAIN ENTRY--PERSONAL NAME
Personal name Threlfall, H.
245 ## - TITLE STATEMENT
Title Text book of surveying and levelling
250 ## - EDITION STATEMENT
Edition statement 3rd
260 ## - PUBLICATION, DISTRIBUTION, ETC.
Place of publication, distribution, etc. London
Name of publisher, distributor, etc. Griffin
Date of publication, distribution, etc. 1948
300 ## - PHYSICAL DESCRIPTION
Extent 670p
350 ## - PRICE (NR) (BK AM CF MU VM SE) [OBSOLETE]
Price 1.2
520 ## - SUMMARY, ETC.
Summary, etc. Shelf 136
942 ## - ADDED ENTRY ELEMENTS (KOHA)
Suppress in OPAC 0
948 ## - LOCAL PROCESSING INFORMATION (OCLC); SERIES PART DESIGNATOR (RLIN)
c (OCLC) 04/03/1997
Holdings
Withdrawn status Lost status Source of classification or shelving scheme Damaged status Not for loan Home library Current library Shelving location Date acquired Cost, normal purchase price Total Checkouts Full call number Barcode Date last seen Copy number Cost, replacement price Price effective from Koha item type
    Other/Generic Classification Scheme     London London Basement 14/09/1999 1.20   SHELF 136 30022990 06/08/2019 1 1.20 06/08/2019 Reference material